000 01338nam a2200373 i 4500
001 bg
003 BPK
005 20210216131332.0
008 040519s1976 pl |001 0 pol
015 _aPB 1976/3620
040 _cBPK
041 0 _apol
080 _a1(091)
080 _a141
080 _a16
080 _a159.9
100 1 _aWiszniewski, Michał
_d(1794-1865).
245 1 0 _aBacona metoda tłumaczenia natury i inne pisma filozoficzne /
_cMichał Wiszniewski ; wstępem poprzedził Władysław Tatarkiewicz ; posłowiem i przypisami opatrzył Julian Dybiec.
260 _a[Warszawa] :
_bPańst. Wydaw. Naukowe,
_c1976.
300 _aXIII, 768, [10] s., 1 k. portr. ;
_c20 cm.
490 1 _aBiblioteka Klasyków Filozofii.
504 _aBibliogr. s. 757-758. Indeks.
600 1 4 _aBacon, Francis
_d(1561-1626).
650 4 _aFilozofia
_y19 w.
648 4 _a1801-1900
650 4 _aMetodologia
650 4 _aPsychologia
650 4 _aTeoria poznania
700 1 _aDybiec, Julian
_d(1940- ).
_ePosł.
700 1 _aTatarkiewicz, Władysław
_d(1886-1980).
_ePrzedmowa
856 _uhttp://koha.tu.koszalin.pl/cgi-bin/koha/opac-detail.pl?biblionumber=9334
_yKatalog online BPK
830 0 _aBiblioteka Klasyków Filozofii
942 _2UKD
_cKS
999 _c9334
_d9334